Esquipulas II: perspectivas de la lucha ideológica /
Uloženo v:
| Korporativní autor: | |
|---|---|
| Médium: | Text |
| Témata: | |
| Tagy: |
Přidat tag
Žádné tagy, Buďte první, kdo vytvoří štítek k tomuto záznamu!
|
MARC
| LEADER | 00000 a a2200000 04500 | ||
|---|---|---|---|
| 001 | 45632 | ||
| 003 | |||
| 040 | |||
| 110 | |a Giraldi, Giulio | ||
| 245 | |a Esquipulas II: |b perspectivas de la lucha ideológica / |c Giulio Giraldi | ||
| 500 | |a Antes se llamaba: ALAI SERVICIO MENSUAL DE INFORMACION Y DOCUMENTACION | ||
| 650 | |a POLITICA INTERNACIONAL | ||
| 650 | |a ACUERDOS INTERNACIONALES | ||
| 650 | |a PAZ | ||
| 650 | |a AMERICA CENTRAL | ||
| 773 | |g volumen12, número100 (Febrero, 1988), Págs. 17-19 | ||
| 999 | |c 30249 |d 30249 | ||
